000 00493nam a2200157Ia 4500
005 20250423095624.0
008 250422s9999 xx 000 0 und d
020 _a9789785293302
050 _aPN 6122 .H57/
100 _aOffice of the special adviser to the president on research, documentation and strategy
245 0 _aHistory beckons Goodluck Jonathan: a collection of speeches
260 _aAbuja
260 _bResearch, Documentation and strategy
260 _c2015
942 _cBK
999 _c30828
_d30828